| 000 | 00584nam a22001937a 4500 | ||
|---|---|---|---|
| 999 |
_c166682 _d166682 |
||
| 001 | 15105897 | ||
| 005 | 20190802173511.0 | ||
| 008 | 190802b ||||| |||| 00| 0 eng d | ||
| 022 | _a0972-2661 | ||
| 245 | _aReview of development and change | ||
| 260 |
_aNew Delhi _bSage Publications _c2019- |
||
| 300 |
_av. ; _c24cm. |
||
| 310 | _aBi-annually | ||
| 650 | _vPeriodicals. | ||
| 776 | _tReview of development and change (Online) | ||
| 270 |
_aB-1/I-1,Mohan Cooperative Industrial Area,Mathura road, _bNew Delhi _dIndia _e110044 |
||
| 906 | _cserials | ||
| 942 |
_2ddc _cSR _mREV _s1 |
||